Movies Quiz

Random Movies Quiz
Score 0/22 Timer 10:00
0 Plays Today
% Correct
Alien
97.8%
The Shining
95.5%
Jaws
95.2%
Carrie
92.2%
Taxi Driver
85.9%
A Nightmare on Elm Street
80.3%
The Texas Chainsaw Massacre
68.4%
The Fly
55.8%
The Descent
53.2%
Friday the 13th
49.1%
Hellraiser
44.2%
% Correct
Dawn of the Dead
43.1%
Reanimator
41.6%
Piranha
31.6%
The Midnight Meat Train
30.1%
Dead Alive
21.2%
The Last House on the Left
18.2%
The Wizard of Gore
14.9%
Zombie Flesh Eaters
12.6%
Bad Taste
7.1%
Hatchet II
3%
Hostel Part II
2.6%
Remove Ads.
Support Sporcle.
Get the best of Sporcle when you Go Orange. This ad-free experience offers more features, more stats, and more fun while also helping to support Sporcle. Thank you for becoming a member.

You're not logged in!

Compare scores with friends on all Sporcle quizzes.
OR
Log In

Show Comments

Extras

Created Jan 8, 2015ReportNominate
Tags:Bloody, gore

Top Quizzes Today


Score Distribution

Your Account Isn't Verified!

In order to create a playlist on Sporcle, you need to verify the email address you used during registration. Go to your Sporcle Settings to finish the process.

Report this User

Report this user for behavior that violates our Community Guidelines.

Details: